logo

Bir Sreshtho Munshi Abdur Rouf Library
Jhenaidah Cadet College

সমগ্র শিশুসাহিত্য : (Record no. 12987)

MARC details
000 -LEADER
fixed length control field 00781nam a2200229 a 4500
001 - CONTROL NUMBER
JCCL Control Number 12987
003 - CONTROL NUMBER IDENTIFIER
JCCL marc code BD-JhCC
005 - DATE AND TIME OF LATEST TRANSACTION
control field 20230611082508.0
008 - FIXED-LENGTH DATA ELEMENTS--GENERAL INFORMATION
fixed length control field 230611s20202018bg a|||| |||| 000 0 ben d
020 ## - INTERNATIONAL STANDARD BOOK NUMBER
International Standard Book Number 9789849234920
035 ## - SYSTEM CONTROL NUMBER
system control number (BD-JhCC)12987
040 ## - CATALOGING SOURCE
Original cataloging agency BD-JhCC
Modifying agency BD-JhCC
041 ## - LANGUAGE CODE
Language code of Book ben
082 ## - DEWEY DECIMAL CLASSIFICATION NUMBER
Classification number 891.4435
Author mark and Year ROY 2020
100 ## - MAIN ENTRY--PERSONAL NAME
Personal name রায়, সুকুমার
245 ## - TITLE STATEMENT
Title সমগ্র শিশুসাহিত্য :
Remainder of title গল্প /
Statement of responsibility, etc সুকুমার রায়
260 ## - PUBLICATION, DISTRIBUTION, ETC. (IMPRINT)
Place of publication, distribution, etc ঢাকা :
Name of publisher, distributor, etc আলেয়া বুক ডিপো,
Date of publication, distribution, etc ২০২০
300 ## - PHYSICAL DESCRIPTION
Pagination ৩২০ পৃ. :
Other physical details চিত্রাবলী সংবলিত;
Dimensions ২০ সেমি.
650 ## - SUBJECT ADDED ENTRY--TOPICAL TERM
Topical term or geographic name as entry element Short story
650 ## - SUBJECT ADDED ENTRY--TOPICAL TERM
Topical term or geographic name as entry element Juvenile Literature
942 ## - ADDED ENTRY ELEMENTS (KOHA)
Source of classification or shelving scheme Dewey Decimal Classification
Koha item type Books
Holdings
Source of classification or shelving scheme Damaged status Not for loan Home library Current library Shelving location Date of accession Source of acquisition Cost, normal purchase price Total Checkouts Full call number Barcode Date last seen Date checked out Copy number Method of acquisition Koha item type Currency
Dewey Decimal Classification     JCC Rouf Library JCC Rouf Library General Stacks 06/11/2023 জাতীয় গ্রন্থকেন্দ্র 340.00 2 891.4435 ROY 2020 17897 11/05/2024 11/03/2024 C-1 Purchase Books BDT

JCC Library | Contacts | JCC Home

Last Update on 23 September 2017
Copyright @ 2017-2020 JCC Rouf Library
Rouf Library, Jhenidah Cadet College (JCC), Bangladesh